000 00703nam a22001935i 4500
001 169928
003 ES-MaACL
005 20250520195910.0
008 081222s1924 fr |||| | fre d
100 1 _aCain, Henri.
_9137954
245 1 0 _aCendrillon
_b: conte de fées en quatre actes et six tableaux d'après Perrault /
_cHenri Cain ; musique de J. Massenet.
260 _aParis :
_bHeugel et Cie.,
_c1924.
300 _a56 p. ;
_c18 cm.
650 1 4 _aÓperas-
_vLibretos.
_9137584
700 1 _aPerrault, Charles.
_991333
700 1 _aMassenet, Jules,
_d1842-1912
_9240595
852 _aES-MaACL
_j2245-F-16
_9R.140968
_z.- Biblioteca Jacinto Martínez Lacalle
999 _c169928
_d169928